000 00803aam a2200301 i 4500
001 768714001
003 CO-MdFUSB
005 20250826163421.0
007 ta
008 250826t1996 sp |||| |||| 00| 0 spa d
020 _a84-7645-852-5
040 _cCO-MdFUSB
041 0 _aspa
082 0 4 _223
_a248.844
_bS7831s
100 1 _aStamateas, Bernardo
_eautor
245 1 0 _aSexualidad y erotismo en la pareja
_c/ Bernardo Stamateas
264 1 _bClie,
_aTerrassa, Barcelona, España :
_c[1996]
264 4 _c©1996
300 _a222 páginas
336 _atexto
_btxt
_2rdacontent
337 _2rdamedia
_asin mediación
_bn
338 _2rdacarrier
_avolumen
_bnc
563 _aRústico
650 7 _aMatrimonio
_9300
653 _aVida sexual matrimonial
942 _cBK
945 _aJTF-925
999 _c36219
_d36219